Sociálny rozvoj spoločnosti a zdokonaľovanie programov rozvoja socialistického spôsobu života a rozvoja osobnosti v 90-tych rokoch Cieľový projekt. ŠPEV 904 801/11
Saved in:
| Main Author: | |
|---|---|
| Format: | Book |
| Language: | Slovak |
| Published: |
Bratislava
Výskumný ústav sociálneho rozvoja a práce
1988
|
| Series: | Výskumné práce VÚSRP
5/1988 |
| Tags: |
No Tags, Be the first to tag this record!
|
MARC
| LEADER | 00000nam a2200000 4500 | ||
|---|---|---|---|
| 001 | c034953 | ||
| 005 | 20240419065840.8 | ||
| 041 | 0 | |a slo | |
| 044 | |a SK | ||
| 245 | 1 | 0 | |a Sociálny rozvoj spoločnosti a zdokonaľovanie programov rozvoja socialistického spôsobu života a rozvoja osobnosti v 90-tych rokoch |b Cieľový projekt. ŠPEV 904 801/11 |c Rudolf Šíma a kol. |
| 264 | 1 | |a Bratislava |b Výskumný ústav sociálneho rozvoja a práce |c 1988 | |
| 300 | |a 216 s. | ||
| 490 | 1 | |a Výskumné práce VÚSRP |v 5/1988 | |
| 830 | 0 | |a Výskumné práce VÚSRP |v 5/1988 | |
| 100 | 1 | |a Šíma, Rudolf | |